Report of the study group on south east airports (Record no. 414006)

000 -LEADER
fixed length control field 00557cam a22001577a 4500
008 - FIXED-LENGTH DATA ELEMENTS--GENERAL INFORMATION
fixed length control field 180718b1979 xxu||||| |||| 00| 0 eng d
082 ## - DEWEY DECIMAL CLASSIFICATION NUMBER
Classification number W65x42 Un3t
245 ## - TITLE STATEMENT
Title Report of the study group on south east airports
Statement of responsibility, etc. by Department Of Trade
260 ## - PUBLICATION, DISTRIBUTION, ETC.
Place of publication, distribution, etc. London
Name of publisher, distributor, etc. Her Majesty's
Date of publication, distribution, etc. 1979
300 ## - PHYSICAL DESCRIPTION
Extent v,115p
500 ## - GENERAL NOTE
General note Chairman : G.C. Dick
650 ## - SUBJECT ADDED ENTRY--TOPICAL TERM
Topical term or geographic name entry element Airports --Location --England --London Metropolitan Area.
650 ## - SUBJECT ADDED ENTRY--TOPICAL TERM
Topical term or geographic name entry element Airports --England --London Metropolitan Area --Planning
700 ## - ADDED ENTRY--PERSONAL NAME
Personal name Dick, G.C. ( chairman)
700 ## - ADDED ENTRY--PERSONAL NAME
Personal name U.K. Department Of Trade
Holdings
Withdrawn status Lost status Damaged status Not for loan Permanent Location Current Location Date acquired Full call number Barcode Date last seen Price effective from Koha item type
        Indian Institute of Public Administration Indian Institute of Public Administration 2009-02-20 W65x42 Un3t DA5295 2018-07-21 2018-07-21 DA

Powered by Koha